| 000 | 01044nam a2200277 i 4500 | ||
|---|---|---|---|
| 001 | 187256 | ||
| 003 | SpMaBN | ||
| 005 | 20250628065428.0 | ||
| 008 | 170519s1992 ck |||| |dspa d | ||
| 080 | _a34 Caro, Miguel Antonio | ||
| 080 | _a342.4(861) | ||
| 100 | 1 |
_aValencia Villa, Alejandro. _9162751 |
|
| 245 | 1 | 3 |
_aEl pensamiento constitucional de Miguel Antonio Caro / _cAlejandro Valencia Villa. |
| 260 |
_aSantafé de Bogotá : _bInstituto Caro y Cuervo, _c1992. |
||
| 300 |
_a214 p. ; _c20 cm. |
||
| 490 | 1 |
_aLa granada entreabierta ; _v61 |
|
| 504 | _aBibliografía: p. [183]-194 | ||
| 505 | 0 | _aContiene: Escritos constitucionales y políticos de Miguel Antonio Caro | |
| 600 | 1 | 4 |
_aCaro, Miguel Antonio, _d1843-1909 _935400 |
| 650 | 7 |
_aDerecho constitucional- _zColombia. _9162535 |
|
| 710 | 2 |
_aInstituto Caro y Cuervo. _94806 |
|
| 830 | 0 |
_aLa granada entreabierta ; _v61 _9192760 |
|
| 852 |
_aES-MaACL _cDEPO2 _jL-31608 _hDonat. herederos José Prat |
||
| 942 |
_2udc _cMONOGRAFIA _n0 |
||
| 999 |
_c187256 _d187256 |
||